000 02006nas a2200277Ia 4500
001 R050-S3309
003 IT-CnALBA
008 170116c99999999xx |||||||||||| ||und||
040 _aIT-CnALBA
_cIT-CnALBA
041 _aPOLIGLOTTA
100 _aVANHOYE ALBERT, SJ.
210 _aRIVISTA TEOLOGICA DI LUGANO
222 _aRIVISTA TEOLOGICA DI LUGANO
245 0 _aRIVISTA TEOLOGICA DI LUGANO. THEOLOGICAL REVIEW. REVUE THEOLOGIQUE DE LUGANO. NOVEMBRE 1996.
250 _a1a ed.
260 _a LUGANO
_bFACOLTÀ DI TEOLOGIA
_c1996 [1° Ed.:1996 - Ed.Ling.Originale: 1996]
300 _a315 p.
310 _aSEMESTRALE
362 _aFascicolo: 2 / Anno: 1 (1996)
500 _aEDITORIALE. DISCUSSIONE SULLA NUOVA ALLEANZA. PINCKAERSS. GLI ANGELI GARANTI DELL'ESPERIENZA SPIRITUALE SECONDO S. TOMMASO D'AQUINO. MAY W. E. SPLENDOR VERITA'TIS E LEGGE NATURALE, DAI PRINCIPI PRIMA DELLA MORALE ASSOLUTA. RAZIONALITÀ E INTERIORITÀ, LUOGHI DELLA PERSONA. DEMULIN P. IL LIBRO DELLA SAPIENZA CERNIERA DEI DUE TESTAMENTI. HAUKE M. IL SACERDOZIO FEMMINILE. LUBICH C. UNA SPIRITUALITÀ COMUNITARIA. JERUMANIS A. M. VITA DELLA CHIESA IN LETTONIA. DE LAROSIERE J. IL PASSAGGIO DEI PAESI DELL'EST VERSO L'ECONOMIA DEL MARCO, UNA SFIDA PER LA BERD.
501 _aSocietà San Paolo EM - Piazza San Paolo, 14 - 12051 ALBA (CN) (non commercial uses only) ® Copyright 2017
520 _aEDITORIALE. DISCUSSIONE SULLA NUOVA ALLEANZA. PINCKAERSS. GLI ANGELI GARANTI DELL'ESPERIENZA SPIRITUALE SECONDO S. TOMMASO D'AQUINO. MAY W. E. SPLENDOR VERITA'TIS E LEGGE NATURALE, DAI PRINCIPI PRIMA DELLA MORALE ASSOLUTA. RAZIONALITÀ E INTERIORITÀ, LUOGHI DELLA PERSONA. DEMULIN P. IL LIBRO DELLA SAPIENZA CERNIERA DEI DUE TESTAMENTI. HAUKE M. IL SACERDOZIO FEMMINILE. LUBICH C. UNA SPIRITUALITÀ COMUNITARIA. JERUMANIS A. M. VITA DELLA CHIESA IN LETTONIA. DE LAROSIERE J. IL PASSAGGIO DEI PAESI DELL'EST VERSO L'ECONOMIA DEL MARCO, UNA SFIDA PER LA BERD.
650 _aPERIODICI
942 _cCR
957 _71
999 _a65199
_bNO
_g1
_c331895
_d331895